00242nam a2200097Ia 4500008004100000100000900041245004500050260002500095942000700120999001700127190216s9999||||xx |||||||||||||| ||und|| aNull 0aHindi-Jainendr Ki Kahaniyam Ek Malyankan bAbhinav Publications cBK c17589d17589